000
00317nam a22001337a 4500
008
181001b xxu||||| |||| 00| 0 eng d
020
_a
9780803956957
041
_a
eng
080
_a
159.9
100
_a
48
101
_a
PSI
245
_a
Psycotherapy With Sexually Abused Boys
_c
William.N.F
942
_2
udc
_c
BK
999
_c
48723
_d
48723